000 00999nam a22002177a 4500
999 _c59742
_d59742
003 Ge_BSU
005 20230410111649.0
008 230410s2007 ge ||||| |||| 00| 0 geo d
020 _a9789994059591
041 _ageo
080 _a930(479.22)(092 ჯანაშვილი) მ-86
245 _aმოსე ჯანაშვილი-150 :
_bკონფერენციის მასალები /
_c[კრებულის შემდგ. და რედ. გოჩა საითიძე].
264 _aთბილისი :
_bარტანუჯი,
_c2007.
300 _a107გვ. ;
_b20სმ.
490 _aჰერეთის სერია
_v2
504 _aბიბლიოგრ. მასალების ბოლოს.
520 _aრეზ. ინგლ. ენ.
653 _aჯანაშვილი, მოსე
700 _aსაითიძე, გოჩა
_eშემდგ.-რედაქტორი.
_93614
942 _2udc
_cBK